000 00519nam a2200217Ia 4500
005 20250425160912.0
008 250425s9999 xx 000 0 und d
041 _aspa
082 _a986.6
110 _aESTACION CIENTIFICA CHARLES DARWIN
245 0 _aCOMPENDIO DE CIENCIA EN GALAPAGOS 1982
250 _a1A ED.
260 _aEcuador
_bARTES GRÁFICAS
_c1982
260 _aQUITO
300 _a352
650 _aCIENCIA
650 _aECUADOR
650 _aISLAS GALAPAGOS
942 _c01
010 _a7966
999 _c198507
_d198507